000
00338 a2200157 4500
001
61989
020
_a
9788501095596
040
_c
Anchieta - Pituba
100
_a
Smith, L. J.
240
1
0
_a
Círculo secreto
_l
por
245
1
0
_a
Círculo secreto
300
_a
255
362
0
_a
2011
650
4
_a
Ficção norte-americana
942
_c
BK
999
_c
61989
_d
61989